Rejestracje Czeskich krajów - Statystyki

Ogólne statystyki
  • Ten quiz został rozwiązany 20 razy
  • Średni wynik to 12 z 14
Statystyki odpowiedzi
Odpowiedź % Poprawnych
Praga A
100%
kraj południowomorawski B
93%
kraj morawsko-śląski T
93%
kraj zliński Z
93%
kraj karlowarski K
86%
kraj ustecki U
86%
kraj południowoczeski C
79%
kraj pardubicki E
79%
kraj hradecki H
79%
kraj Wysoczyna J
79%
kraj liberecki L
79%
kraj ołomuniecki M
79%
kraj pilzneński P
79%
kraj środkowoczeski S
79%
Nie znaleziono quizów pasujących do podanych kryteriów
Rozkład punktacji
Procent ludzi z każdym wynikiem
Percentyl według liczby udzielonych odpowiedzi
Twoja historia wyników
Nie rozwiązałeś tego quizu